=LDR 00000nam 2200000 4500 =001 INLIS00000000000035 =005 20260702043538 =020 ##$$a 978-623-96027-9-6 =082 ##$$a 012.378 =100 1#$$a Maulana, Asep =245 1 $$a Healing For Muslim, /$c Asep Maulana =300 ##$$a 146 ; 13 X 19